000 00501cam a22002051 4500
001 sa 67005067
003 DLC
005 20260227112353.0
008 890803s1963 ii c 000 0 hino
010 _asa 67005067
035 _a(OCoLC)20123313
040 _aDLC
_cWaU
_dDLC
042 _apremarc
050 0 0 _aPK2098.M47
_bS5
100 1 _aMisra, Lakshmi Narayan,
_d1903-1987.
245 1 0 _aSindūra kī holī.
260 _c[1963/64]
300 _a98 p.
_bport.
_c19 cm.
500 _aIn Hindi.
999 _c74943
_d74943